[Event "Montreal int."]
[Site "Montreal CAN"]
[Date "2000.08.11"]
[Round "8"]
[White "Miladinovic, Igor"]
[Black "Hebert, Jean"]
[Result "1-0"]
[WhiteElo "2563"]
[BlackElo "2428"]
[PlyCount "77"]
[GameId "2160767911652902"]
[EventDate "2000.08.03"]
[EventType "tourn"]
[EventRounds "11"]
[EventCountry "CAN"]
[EventCategory "9"]
[SourceTitle "CBM 079"]
[Source "ChessBase"]
[SourceDate "2000.11.21"]
[SourceVersion "1"]
[SourceVersionDate "2000.11.21"]
[SourceQuality "1"]

1. d4 d6 2. Nf3 Bg4 3. e4 Nf6 4. Nc3 e6 5. Be3 Be7 6. h3 Bh5 7. Be2 d5 8. Ne5 Bxe2 9. Qxe2 c6 10. exd5 Nxd5 11. Nxd5 exd5 12. Qg4 O-O 13. Bh6 Bf6 14. O-O-O Qc8 15. Qg3 Qf5 16. Ng4 Kh8 17. Nxf6 Qxf6 18. Bg5 Qf5 19. Rhe1 Nd7 20. Re7 b5 21. Qg4 Qxg4 22. hxg4 Nb6 23. Bf4 Kg8 24. Rde1 f5 25. g5 Rf7 26. R1e6 Rc8 27. Bd6 Rxe7 28. Rxe7 Rd8 29. Be5 Rd7 30. Re6 Kf7 31. Rxc6 Re7 32. b3 g6 33. Kd2 Re6 34. Rc7+ Re7 35. Rc5 a6 36. Bc7 Nd7 37. Rxd5 Nf8 38. Be5 Ne6 39. f4 1-0

[Event "Montreal int."]
[Site "Montreal CAN"]
[Date "2000.08.12"]
[Round "9"]
[White "Hebert, Jean"]
[Black "Tyomkin, Dimitri"]
[Result "1/2-1/2"]
[WhiteElo "2428"]
[BlackElo "2522"]
[PlyCount "52"]
[GameId "2160767911652906"]
[EventDate "2000.08.03"]
[EventType "tourn"]
[EventRounds "11"]
[EventCountry "CAN"]
[EventCategory "9"]
[SourceTitle "CBM 079"]
[Source "ChessBase"]
[SourceDate "2000.11.21"]
[SourceVersion "1"]
[SourceVersionDate "2000.11.21"]
[SourceQuality "1"]

1. d4 f5 2. g3 e6 3. Bg2 d5 4. Nh3 Nf6 5. c4 c6 6. O-O Bd6 7. Bf4 Be7 8. Qc2 O-O 9. Nd2 Nh5 10. Rad1 Nxf4 11. Nxf4 Na6 12. Nf3 g5 13. Nd3 Bd7 14. Nfe5 Be8 15. a3 Nc7 16. Qb3 Rb8 17. f4 Kh8 18. fxg5 Bxg5 19. Nf4 Qe7 20. Qc3 Bf6 21. Qe3 dxc4 22. Nxc4 Rd8 23. Ne5 Qg7 24. Qb3 b6 25. Nxc6 Bxc6 26. Bxc6 Bxd4+ 1/2-1/2

[Event "Montreal int."]
[Site "Montreal CAN"]
[Date "2000.08.13"]
[Round "10"]
[White "Lazarev, Vladimir"]
[Black "Hebert, Jean"]
[Result "1/2-1/2"]
[WhiteElo "2478"]
[BlackElo "2428"]
[PlyCount "73"]
[GameId "2160767911652914"]
[EventDate "2000.08.03"]
[EventType "tourn"]
[EventRounds "11"]
[EventCountry "CAN"]
[EventCategory "9"]
[SourceTitle "CBM 079"]
[Source "ChessBase"]
[SourceDate "2000.11.21"]
[SourceVersion "1"]
[SourceVersionDate "2000.11.21"]
[SourceQuality "1"]

1. d4 Nf6 2. c4 e6 3. Nc3 Bb4 4. Qc2 d5 5. cxd5 Qxd5 6. e3 c5 7. Bd2 Bxc3 8. Bxc3 cxd4 9. Bxd4 Nc6 10. Bc3 O-O 11. Nf3 Qc5 12. Rc1 Nd5 13. Bd2 Qxc2 14. Rxc2 Rd8 15. a3 e5 16. Bb5 Nde7 17. Bc3 f6 18. Bc4+ Kf8 19. Rd2 Bg4 20. h3 Bh5 21. b4 a6 22. g4 Bf7 23. Bxf7 Kxf7 24. Rxd8 Rxd8 25. Ke2 Nd5 26. Rc1 Rc8 27. Bd2 Nb6 28. Ne1 e4 29. f3 exf3+ 30. Nxf3 Re8 31. Kd3 Rd8+ 32. Ke2 Rd7 33. Bc3 Nd5 34. Bd2 Re7 35. Kd3 Rd7 36. Ke2 Nb6 37. Bc3 1/2-1/2

[Event "Montreal int."]
[Site "Montreal CAN"]
[Date "2000.08.14"]
[Round "11"]
[White "Hebert, Jean"]
[Black "Goldenberg, Danny"]
[Result "1/2-1/2"]
[WhiteElo "2428"]
[BlackElo "2310"]
[PlyCount "89"]
[GameId "2160767911652917"]
[EventDate "2000.08.03"]
[EventType "tourn"]
[EventRounds "11"]
[EventCountry "CAN"]
[EventCategory "9"]
[SourceTitle "CBM 079"]
[Source "ChessBase"]
[SourceDate "2000.11.21"]
[SourceVersion "1"]
[SourceVersionDate "2000.11.21"]
[SourceQuality "1"]

1. c4 g6 2. d4 Nf6 3. Nc3 Bg7 4. e4 d6 5. f3 O-O 6. Be3 Nc6 7. Nge2 a6 8. Qd2 Rb8 9. Rb1 b5 10. cxb5 axb5 11. b4 e5 12. d5 Ne7 13. Nc1 Bd7 14. Nb3 Nh5 15. Na5 f5 16. Bd3 Kh8 17. O-O f4 18. Ba7 Ra8 19. Bf2 g5 20. h3 Rb8 21. Rfc1 Qc8 22. Bf1 Bh6 23. Ne2 g4 24. hxg4 Bxg4 25. Qc3 Rg8 26. fxg4 Qxg4 27. Rb3 Ng3 28. Nxg3 fxg3 29. Bxg3 Bxc1 30. Qxc1 Qxe4 31. Nc6 Nf5 32. Bd3 Nxg3 33. Bxe4 Ne2+ 34. Kh2 Nxc1 35. Rh3 Kg7 36. Nxb8 Rxb8 37. Rxh7+ Kf6 38. a3 Rc8 39. g4 Ne2 40. Bf5 Ra8 41. Rxc7 Rxa3 42. Rc6 Nd4 43. Rxd6+ Kg5 44. Kg2 Nxf5 45. gxf5 1/2-1/2

[Event "Laval XVII"]
[Site "Laval CAN"]
[Date "2000.04.16"]
[Round "5"]
[White "Hebert, Jean"]
[Black "Schleifer, Michael"]
[Result "1-0"]
[WhiteElo "2430"]
[BlackElo "2412"]
[PlyCount "99"]
[GameId "2160767911724671"]
[EventDate "2000.04.14"]
[EventType "swiss"]
[EventRounds "5"]
[EventCountry "CAN"]

1. e4 g6 2. d4 Bg7 3. c3 d6 4. f4 Nf6 5. e5 Nd5 6. Nf3 O-O 7. Bc4 c6 8. O-O b5 9. Bb3 a5 10. a4 bxa4 11. Bxa4 Qb6 12. Na3 Ba6 13. Rf2 c5 14. c4 Nc7 15. Be3 Bb7 16. exd6 exd6 17. d5 Bc8 18. Ng5 h6 19. Ne4 f5 20. Nc3 Ne8 21. Nab5 Nf6 22. h3 Bd7 23. Re2 Na6 24. Qd2 Rae8 25. Rae1 Ne4 26. Nxe4 Rxe4 27. b3 Bxb5 28. Bxb5 Nc7 29. Ba4 Ne8 30. Bf2 Nf6 31. Bh4 Rd4 32. Qc1 Ne4 33. Bf2 Rd3 34. Qb1 Rd2 35. Rxd2 Nxd2 36. Qd3 Ne4 37. Rxe4 fxe4 38. Qxe4 Qd8 39. Qxg6 Rxf4 40. Bg3 Rf6 41. Qg4 Qe7 42. Kh2 Qf7 43. Qe2 Qg6 44. Bd7 Qb1 45. Be6+ Kh7 46. Bxd6 Rf1 47. Bg4 Rh1+ 48. Kg3 Qxb3+ 49. Bf3 Qa4 50. Qe7 1-0

[Event "Abitibi ch"]
[Site "Val D'Or CAN"]
[Date "1998.11.06"]
[Round "1"]
[White "Arsenault, Michel"]
[Black "Hebert, Jean"]
[Result "0-1"]
[WhiteElo "1890"]
[BlackElo "2495"]
[PlyCount "92"]
[GameId "2160767911806103"]
[EventDate "1998.11.06"]
[EventType "swiss"]
[EventRounds "5"]
[EventCountry "CAN"]

1. c4 e5 2. g3 Nf6 3. Bg2 d5 4. cxd5 Nxd5 5. Nc3 Nb6 6. Nf3 Nc6 7. d3 Be7 8. O-O O-O 9. a3 Re8 10. b4 a5 11. b5 Nd4 12. Nd2 a4 13. Bb2 Bf8 14. Rc1 c6 15. bxc6 Nxc6 16. Nce4 Nd4 17. Nc5 Bxc5 18. Rxc5 Bg4 19. Bxd4 exd4 20. Bxb7 Bxe2 21. Qc2 Bxf1 22. Bxa8 Qxa8 23. Nxf1 Nd5 24. h3 Nc3 25. Rxc3 dxc3 26. Qxc3 Qc8 27. Qb4 Qxh3 28. Qxa4 Rc8 29. Qd1 Re8 30. d4 h5 31. Ne3 h4 32. g4 Rxe3 33. fxe3 Qxe3+ 34. Kh2 Qxa3 35. Qe1 Qd6+ 36. Kh1 Qxd4 37. Qxh4 f5 38. Qg3 Qd1+ 39. Kh2 Qxg4 40. Qb3+ Kh7 41. Qd3 Qf4+ 42. Kg1 Kg6 43. Qa6+ Kh5 44. Qe6 Kh4 45. Qg8 Qd4+ 46. Kh2 Qb2+ 0-1

[Event "Abitibi ch"]
[Site "Val D'Or CAN"]
[Date "1998.11.07"]
[Round "3"]
[White "Hebert, Jean"]
[Black "Cossette, Daniel"]
[Result "1-0"]
[WhiteElo "2495"]
[BlackElo "2095"]
[PlyCount "57"]
[GameId "2160767911806110"]
[EventDate "1998.11.06"]
[EventType "swiss"]
[EventRounds "5"]
[EventCountry "CAN"]

1. d4 d5 2. c4 e6 3. Nc3 c5 4. e3 Nc6 5. Nf3 Nf6 6. a3 cxd4 7. exd4 dxc4 8. Bxc4 Be7 9. O-O O-O 10. Re1 Qc7 11. Nb5 Qd8 12. Bf4 Ne8 13. Qd3 a6 14. Nc3 Nd6 15. Ba2 Nf5 16. Rad1 g5 17. Bc1 g4 18. Ne5 h5 19. Nxc6 bxc6 20. h3 gxh3 21. Qxh3 Kg7 22. Bb1 Rh8 23. d5 cxd5 24. Bxf5 exf5 25. Nxd5 Bf6 26. Bf4 Re8 27. Qg3+ Kh8 28. Nxf6 Rxe1+ 29. Rxe1 1-0

[Event "Abitibi ch"]
[Site "Val D'Or CAN"]
[Date "1998.11.07"]
[Round "3"]
[White "Lacroix, Serge"]
[Black "Hebert, Jean"]
[Result "0-1"]
[WhiteElo "1990"]
[BlackElo "2495"]
[PlyCount "130"]
[GameId "2160767911806112"]
[EventDate "1998.11.06"]
[EventType "swiss"]
[EventRounds "5"]
[EventCountry "CAN"]

1. e4 e6 2. d4 d5 3. Nc3 Bb4 4. e5 c5 5. a3 Ba5 6. b4 cxd4 7. Nb5 Bc7 8. f4 Ne7 9. Bd3 a5 10. Bd2 Nbc6 11. Nf3 Nf5 12. Bxf5 exf5 13. O-O O-O 14. Nfxd4 Bb6 15. c3 f6 16. exf6 Nxd4 17. Nxd4 Bxd4+ 18. cxd4 Qxf6 19. bxa5 Qxd4+ 20. Kh1 Re8 21. Bb4 Qxd1 22. Raxd1 Be6 23. Kg1 Red8 24. Rfe1 Kf7 25. Re5 Rac8 26. Rde1 Rc6 27. g4 g6 28. gxf5 gxf5 29. Kf2 Rg8 30. Kf3 Rd8 31. Ke3 Rdc8 32. Kd3 Ra8 33. R5e3 Rg8 34. Rh3 d4 35. Rxh7+ Rg7 36. Rh8 Rg8 37. Rxg8 Kxg8 38. Kxd4 Kf7 39. Bc5 Rc7 40. Rb1 Rd7+ 41. Ke3 Bc4 42. Bd4 Ba6 43. h4 Rd5 44. h5 Rxa5 45. Rb3 Ra4 46. Be5 Kg8 47. Kf3 Bc4 48. Rc3 Kh7 49. Kg3 b5 50. Kh4 Kh6 51. Rg3 Bf7 52. Bd6 Ra8 53. Rg5 Rd8 54. Be5 Rd1 55. Rxf5 Rh1+ 56. Kg3 Bxh5 57. Rf6+ Kh7 58. Rb6 Rb1 59. Kh4 Bf7 60. Kg5 Rg1+ 61. Kf5 Rb1 62. Rb8 Bg8 63. Rb7+ Kh6 64. Rb6+ Kh7 65. Rb7+ Kh6 0-1

[Event "Abitibi ch"]
[Site "Val D'Or CAN"]
[Date "1998.11.08"]
[Round "4"]
[White "Hebert, Jean"]
[Black "Khassanov, Marat"]
[Result "1/2-1/2"]
[WhiteElo "2495"]
[BlackElo "2450"]
[PlyCount "32"]
[GameId "2160767911806115"]
[EventDate "1998.11.06"]
[EventType "swiss"]
[EventRounds "5"]
[EventCountry "CAN"]

1. d4 d6 2. e4 Nf6 3. Nc3 e5 4. dxe5 dxe5 5. Qxd8+ Kxd8 6. Nf3 Bb4 7. Nxe5 Re8 8. Nxf7+ Ke7 9. Ng5 h6 10. Nf3 Nxe4 11. Bd2 Kf8 12. Nxe4 Rxe4+ 13. Be2 Nc6 14. c3 Bc5 15. Be3 Bxe3 16. fxe3 Rxe3 1/2-1/2

[Event "Abitibi ch"]
[Site "Val D'Or CAN"]
[Date "1998.11.08"]
[Round "5"]
[White "Schleifer, Michael"]
[Black "Hebert, Jean"]
[Result "1-0"]
[WhiteElo "2405"]
[BlackElo "2495"]
[PlyCount "81"]
[GameId "2160767911806120"]
[EventDate "1998.11.06"]
[EventType "swiss"]
[EventRounds "5"]
[EventCountry "CAN"]

1. d4 Nf6 2. c4 e6 3. Nc3 Bb4 4. Bd2 d5 5. Qa4+ Nc6 6. e3 O-O 7. Nf3 a6 8. Qc2 dxc4 9. Bxc4 Bd6 10. a3 e5 11. d5 Ne7 12. e4 Ng6 13. b4 h6 14. O-O Nh5 15. Ne2 f5 16. Ng3 Nxg3 17. fxg3 fxe4 18. Qxe4 Bf5 19. Qe3 Qe7 20. Kh1 Qd7 21. Bc3 Rae8 22. Rf2 e4 23. Nd4 Ne5 24. Be2 Nd3 25. Rxf5 Rxf5 26. Nxf5 Qxf5 27. Bxd3 Qxd5 28. Bc2 Qc4 29. Qd4 Qxd4 30. Bxd4 Be5 31. Bxe5 Rxe5 32. Kg1 e3 33. Kf1 c5 34. bxc5 Rxc5 35. Be4 b5 36. Ke2 Rc3 37. Bd3 Rb3 38. Kxe3 Rb2 39. Be4 Kf8 40. a4 b4 41. Rb1 1-0

[Event "Quebec-ch classe"]
[Site "Beloeil CAN"]
[Date "1998.10.11"]
[Round "1"]
[White "Weston, Paul"]
[Black "Hebert, Jean"]
[Result "1-0"]
[WhiteElo "2060"]
[BlackElo "2507"]
[PlyCount "75"]
[GameId "2160767911806242"]
[EventDate "1998.10.11"]
[EventType "swiss"]
[EventRounds "5"]
[EventCountry "CAN"]
[SourceTitle "EXT 2022"]
[Source "ChessBase"]
[SourceDate "2021.10.06"]
[SourceVersion "1"]
[SourceVersionDate "2021.10.06"]
[SourceQuality "1"]

1. c4 e5 2. Nc3 Bb4 3. g3 Nf6 4. Bg2 O-O 5. Nf3 Re8 6. O-O c6 7. d3 h6 8. Bd2 Bf8 9. e4 Na6 10. Ne1 d6 11. h3 g6 12. Be3 Nh5 13. Nc2 Be6 14. b3 Bg7 15. d4 exd4 16. Nxd4 Bd7 17. Qd2 Kh7 18. Rad1 Qa5 19. Nde2 Be6 20. Bd4 Red8 21. g4 Nf6 22. f4 Qc7 23. f5 gxf5 24. exf5 Bc8 25. Ne4 Qe7 26. N2g3 d5 27. Nxf6+ Bxf6 28. Bxf6 Qxf6 29. Nh5 Qh8 30. cxd5 cxd5 31. g5 Rd6 32. Nf6+ Rxf6 33. gxf6 Qxf6 34. Qxd5 Rb8 35. Qd6 Qg7 36. Rd3 Qg5 37. Rg3 Qh4 38. Qe5 1-0

[Event "Quebec-ch classe"]
[Site "Beloeil CAN"]
[Date "1998.10.12"]
[Round "3"]
[White "Falardeau, Bruno"]
[Black "Hebert, Jean"]
[Result "0-1"]
[WhiteElo "1937"]
[BlackElo "2507"]
[PlyCount "58"]
[GameId "2160767911806246"]
[EventDate "1998.10.11"]
[EventType "swiss"]
[EventRounds "5"]
[EventCountry "CAN"]
[SourceTitle "EXT 2022"]
[Source "ChessBase"]
[SourceDate "2021.10.06"]
[SourceVersion "1"]
[SourceVersionDate "2021.10.06"]
[SourceQuality "1"]

1. e4 c5 2. Nc3 Nc6 3. f4 e6 4. Nf3 d5 5. e5 Nh6 6. Be2 Nf5 7. O-O h5 8. d3 h4 9. Re1 Rb8 10. Bf1 b5 11. Qe2 Qb6 12. Nd1 c4+ 13. Ne3 Bc5 14. c3 cxd3 15. Qxd3 b4 16. Kh1 Nce7 17. Nxf5 Nxf5 18. Ng5 Bb7 19. Bd2 Bf2 20. Qb5+ Qxb5 21. Bxb5+ Ke7 22. h3 Bxe1 23. Bxe1 f6 24. exf6+ gxf6 25. Nf3 d4 26. Nxd4 Nxd4 27. cxd4 Rhg8 28. Bxb4+ Kf7 29. Rg1 Bd5 0-1

[Event "Quebec-ch classe"]
[Site "Beloeil CAN"]
[Date "1998.10.12"]
[Round "3"]
[White "Hebert, Jean"]
[Black "Leriche, Felix"]
[Result "1-0"]
[WhiteElo "2507"]
[BlackElo "2211"]
[PlyCount "42"]
[GameId "2160767911806248"]
[EventDate "1998.10.11"]
[EventType "swiss"]
[EventRounds "5"]
[EventCountry "CAN"]
[SourceTitle "EXT 2022"]
[Source "ChessBase"]
[SourceDate "2021.10.06"]
[SourceVersion "1"]
[SourceVersionDate "2021.10.06"]
[SourceQuality "1"]

1. c4 c6 2. e4 d5 3. exd5 cxd5 4. d4 Nf6 5. Nc3 Nc6 6. Bg5 e6 7. Nf3 Be7 8. cxd5 Nxd5 9. Bxe7 Qxe7 10. Bb5 O-O 11. O-O Nxc3 12. bxc3 Qd6 13. Qd3 h6 14. Ba4 Rd8 15. Bc2 g6 16. Rfe1 b6 17. h4 Qd5 18. Qe3 Kg7 19. Be4 Qd6 20. Ne5 Bb7 21. Qf3 f6 1-0

[Event "Quebec-ch classe"]
[Site "Beloeil CAN"]
[Date "1998.10.12"]
[Round "4"]
[White "Hebert, Jean"]
[Black "Duong, Thanh Nha"]
[Result "1-0"]
[WhiteElo "2507"]
[BlackElo "2424"]
[PlyCount "116"]
[GameId "2160767911806253"]
[EventDate "1998.10.11"]
[EventType "swiss"]
[EventRounds "5"]
[EventCountry "CAN"]
[SourceTitle "EXT 2022"]
[Source "ChessBase"]
[SourceDate "2021.10.06"]
[SourceVersion "1"]
[SourceVersionDate "2021.10.06"]
[SourceQuality "1"]

1. c4 Nf6 2. d4 e6 3. Nc3 d5 4. Bg5 Nbd7 5. cxd5 exd5 6. e3 Be7 7. Bd3 O-O 8. Nge2 c6 9. Qc2 Re8 10. O-O Nf8 11. f3 Be6 12. Rae1 Rc8 13. Kh1 Nh5 14. Bxe7 Qxe7 15. g4 Nf6 16. Nf4 Qd6 17. Qf2 N6d7 18. Nh5 c5 19. dxc5 Qxc5 20. Qg3 Qb4 21. Re2 Ng6 22. Rd1 Nge5 23. Nf4 Nxd3 24. Rxd3 Nb6 25. Rd4 Qa5 26. Qe1 Rc4 27. Rxc4 dxc4 28. Qd1 Qe5 29. Kg2 Bd7 30. Qd2 Bc6 31. e4 Qb8 32. Nh5 f6 33. Qd1 Rd8 34. Rd2 Rxd2+ 35. Qxd2 Qe8 36. Ng3 Qd7 37. Qf4 Qe6 38. Nf5 Nc8 39. Qc7 Bd7 40. Nd5 b5 41. a4 bxa4 42. h4 Kf8 43. Qxc4 Qc6 44. Qb4+ Kf7 45. Nd4 Qd6 46. Qc4 Kf8 47. Qc3 Nb6 48. Ne3 Kf7 49. h5 g6 50. hxg6+ hxg6 51. Nd1 Qe5 52. Nf2 Qd6 53. Nd3 Ke7 54. Nc5 Be8 55. Nb7 Qe5 56. Qb4+ Kd7 57. Nc5+ Kc8 58. Nce6 Bd7 1-0

[Event "Quebec-ch classe"]
[Site "Beloeil CAN"]
[Date "1998.10.13"]
[Round "5"]
[White "Khassanov, Marat"]
[Black "Hebert, Jean"]
[Result "1-0"]
[WhiteElo "2416"]
[BlackElo "2507"]
[PlyCount "63"]
[GameId "2160767911806257"]
[EventDate "1998.10.11"]
[EventType "swiss"]
[EventRounds "5"]
[EventCountry "CAN"]
[SourceTitle "EXT 2022"]
[Source "ChessBase"]
[SourceDate "2021.10.06"]
[SourceVersion "1"]
[SourceVersionDate "2021.10.06"]
[SourceQuality "1"]

1. e4 c5 2. Nf3 Nc6 3. d4 cxd4 4. Nxd4 e6 5. g3 Qb6 6. Nb3 Nf6 7. Bg2 Be7 8. Nc3 d6 9. Be3 Qc7 10. f4 a6 11. Qf3 O-O 12. O-O-O Rd8 13. Kb1 Bd7 14. g4 Be8 15. g5 Nd7 16. h4 b5 17. h5 Rac8 18. Qf2 Na5 19. Nxa5 Qxa5 20. Ne2 Nc5 21. Nd4 Bc6 22. f5 Bxe4 23. fxe6 fxe6 24. Nxe6 Rf8 25. Nxf8 Rxf8 26. Qe2 Bxg2 27. Qxg2 Nd7 28. Qd5+ Kh8 29. h6 Ne5 30. Bd4 Qc7 31. hxg7+ Kxg7 32. Qe6 1-0

[Event "Quebec op"]
[Site "Montreal CAN"]
[Date "1998.07.25"]
[Round "1"]
[White "Hebert, Jean"]
[Black "Hasanov, Marat"]
[Result "1-0"]
[WhiteElo "2455"]
[BlackElo "2265"]
[PlyCount "72"]
[GameId "2160767911872417"]
[EventDate "1998.07.25"]
[EventType "swiss"]
[EventRounds "9"]
[EventCountry "CAN"]
[SourceTitle "EXT 1999"]
[Source "ChessBase"]
[SourceDate "1998.11.10"]
[SourceVersion "1"]
[SourceVersionDate "1998.11.10"]
[SourceQuality "1"]

1. d4 Nf6 2. c4 e6 3. Nc3 d5 4. Nf3 Nbd7 5. cxd5 exd5 6. Bg5 c6 7. e3 Be7 8. Bd3 O-O 9. Qc2 Re8 10. O-O Nf8 11. Ne5 Ng4 12. Bxe7 Rxe7 13. Nf3 Nf6 14. b4 Qd6 15. Rab1 Be6 16. Rfe1 N8d7 17. h3 Kh8 18. Ng5 g6 19. f4 Rg8 20. Na4 Ne4 21. Bxe4 dxe4 22. Nc5 Bf5 23. Nxb7 Qc7 24. d5 Qxb7 25. dxc6 Qb6 26. Qc3+ f6 27. g4 h6 28. gxf5 hxg5 29. Rbd1 gxf4 30. cxd7 gxf5+ 31. Kh2 Reg7 32. Rg1 f3 33. Rxg7 Kxg7 34. Qc8 Rd8 35. Qc5 Qb8+ 36. Kh1 f2 1-0

[Event "Quebec op"]
[Site "Montreal CAN"]
[Date "1998.07.26"]
[Round "2"]
[White "Wolrich, Charles"]
[Black "Hebert, Jean"]
[Result "0-1"]
[WhiteElo "2140"]
[BlackElo "2455"]
[PlyCount "92"]
[GameId "2160767911872469"]
[EventDate "1998.07.25"]
[EventType "swiss"]
[EventRounds "9"]
[EventCountry "CAN"]
[SourceTitle "EXT 1999"]
[Source "ChessBase"]
[SourceDate "1998.11.10"]
[SourceVersion "1"]
[SourceVersionDate "1998.11.10"]
[SourceQuality "1"]

1. d4 Nf6 2. c4 e6 3. Nf3 b6 4. g3 Ba6 5. Qc2 d5 6. cxd5 exd5 7. Bg2 Bb4+ 8. Bd2 Bxd2+ 9. Qxd2 O-O 10. Nc3 Nc6 11. Ne5 Na5 12. O-O Qd6 13. b3 Rfe8 14. Nd3 Ne4 15. Nxe4 dxe4 16. Nf4 Rad8 17. Rfd1 g5 18. Nh3 h6 19. Qc2 Nc6 20. e3 Nb4 21. Qb2 f5 22. Bf1 Bxf1 23. Kxf1 Nd5 24. Rac1 Qe6 25. Ng1 f4 26. Qe2 Rf8 27. Ke1 Rf6 28. Kd2 Rdf8 29. Rf1 Kh8 30. Rce1 f3 31. Qc4 g4 32. Rc1 Rf5 33. h3 h5 34. a3 a5 35. Rc2 Rd8 36. Kc1 b5 37. Qxb5 Nxe3 38. Rc5 Rxc5+ 39. Qxc5 Nd5 40. Re1 a4 41. hxg4 Qh6+ 42. Kd1 axb3 43. gxh5 Qa6 44. Kc1 Qd3 45. Qc6 b2+ 46. Kxb2 Rb8+ 0-1

[Event "Quebec op"]
[Site "Montreal CAN"]
[Date "1998.07.29"]
[Round "5"]
[White "Hebert, Jean"]
[Black "Nogueiras, Jesus"]
[Result "0-1"]
[WhiteElo "2455"]
[BlackElo "2520"]
[PlyCount "136"]
[GameId "2160767911872557"]
[EventDate "1998.07.25"]
[EventType "swiss"]
[EventRounds "9"]
[EventCountry "CAN"]
[SourceTitle "EXT 1999"]
[Source "ChessBase"]
[SourceDate "1998.11.10"]
[SourceVersion "1"]
[SourceVersionDate "1998.11.10"]
[SourceQuality "1"]

1. c4 c6 2. d4 d5 3. Nc3 Nf6 4. e3 e6 5. b3 Bb4 6. Bb2 O-O 7. Qc2 Nbd7 8. Nf3 b6 9. Bd3 Ba6 10. O-O dxc4 11. bxc4 c5 12. Rfd1 cxd4 13. exd4 Bxc3 14. Bxc3 Qc7 15. Bb4 Rfe8 16. Rac1 Bb7 17. Ng5 g6 18. Ne4 Nxe4 19. Bxe4 Bxe4 20. Qxe4 Rac8 21. Bd2 Qc6 22. Qb1 e5 23. d5 Qa4 24. Qb5 Qxb5 25. cxb5 Rc5 26. Be3 Rxb5 27. Rc7 Rd8 28. f3 Nf6 29. Rxa7 Kg7 30. Bg5 Rbxd5 31. Rxd5 Rxd5 32. Bxf6+ Kxf6 33. Rb7 Rd6 34. g4 h5 35. gxh5 gxh5 36. Kg2 Kg6 37. Kg3 f6 38. a4 Rc6 39. Rb8 Rd6 40. Rb7 Rd4 41. h4 Rb4 42. Ra7 Rb3 43. a5 bxa5 44. Rxa5 e4 45. Kf4 Rxf3+ 46. Kxe4 Rh3 47. Ra8 Rxh4+ 48. Kf3 Rg4 49. Rb8 Rg5 50. Rg8+ Kh7 51. Ra8 Kg7 52. Rb8 Rg6 53. Kf4 h4 54. Rb7+ Kh6 55. Rb8 Kh7 56. Rb7+ Rg7 57. Rb6 Rg6 58. Rb7+ Kh6 59. Kf3 h3 60. Rb8 Kh5 61. Rh8+ Rh6 62. Ra8 Kg5 63. Ra1 h2 64. Rh1 f5 65. Kg2 Kg4 66. Kf2 f4 67. Kg2 f3+ 68. Kf2 Rh8 0-1

[Event "Quebec op"]
[Site "Montreal CAN"]
[Date "1998.07.30"]
[Round "6"]
[White "Leveille, Francois"]
[Black "Hebert, Jean"]
[Result "1/2-1/2"]
[WhiteElo "2295"]
[BlackElo "2455"]
[PlyCount "97"]
[GameId "2160767911872593"]
[EventDate "1998.07.25"]
[EventType "swiss"]
[EventRounds "9"]
[EventCountry "CAN"]
[SourceTitle "EXT 1999"]
[Source "ChessBase"]
[SourceDate "1998.11.10"]
[SourceVersion "1"]
[SourceVersionDate "1998.11.10"]
[SourceQuality "1"]

1. d4 Nf6 2. c4 e6 3. Nc3 Bb4 4. e3 c5 5. Bd3 Nc6 6. Nf3 d6 7. Bd2 e5 8. d5 Ne7 9. Qc2 O-O 10. a3 Ba5 11. Nh4 Ng6 12. Nxg6 hxg6 13. O-O Nh5 14. Rab1 Bd7 15. b4 Bb6 16. bxc5 dxc5 17. Na4 Bxa4 18. Qxa4 f5 19. Bc3 Qd6 20. g3 e4 21. Be2 Nf6 22. Qb5 Nd7 23. Qb2 Rf7 24. a4 Rb8 25. f3 exf3 26. Bxf3 Bd8 27. e4 Bf6 28. exf5 gxf5 29. Bh5 Re7 30. Bxf6 Nxf6 31. Rxf5 Nxh5 32. Rxh5 Qg6 33. Rh4 Rf8 34. Rd1 Rf3 35. Qg2 Ree3 36. Kh1 Qd3 37. Rg1 Re2 38. Qh3 Rf5 39. Rh8+ Kf7 40. Qg4 b6 41. Ra8 Re7 42. d6 Rd7 43. Rd1 Qf3+ 44. Qxf3 Rxf3 45. Rxa7 Rxa7 46. d7 Ra8 47. d8=Q Rxd8 48. Rxd8 Rc3 49. Rd7+ 1/2-1/2

[Event "St-Jean op"]
[Site "St-Jean CAN"]
[Date "1998.05.16"]
[Round "2"]
[White "Hebert, Jean"]
[Black "Filion, Charles"]
[Result "1-0"]
[WhiteElo "2471"]
[BlackElo "2099"]
[PlyCount "105"]
[GameId "2160767911873188"]
[EventDate "1998.05.15"]
[EventType "swiss"]
[EventRounds "5"]
[EventCountry "CAN"]
[SourceTitle "Echec+ 1998.09"]

1. d4 Nf6 2. Nf3 g6 3. c4 Bg7 4. Nc3 O-O 5. e4 d6 6. Be2 e5 7. O-O Nc6 8. d5 Ne7 9. b4 Ne8 10. c5 f5 11. Ng5 h6 12. Ne6 Bxe6 13. dxe6 fxe4 14. cxd6 Nxd6 15. Be3 Nef5 16. Bg4 c6 17. Bc5 Re8 18. Qb3 Kh7 19. Rad1 Nd4 20. Qb1 b6 21. Bxd6 Qxd6 22. Nxe4 Qe7 23. g3 Rad8 24. h4 Nxe6 25. h5 Kh8 26. hxg6 Rd4 27. Rxd4 exd4 28. f4 Nf8 29. Bf5 Nd7 30. Rc1 c5 31. Qd3 Nf6 32. bxc5 Nxe4 33. Re1 Qxc5 34. Rxe4 Rd8 35. Kg2 Qc3 36. Qb5 Qc2+ 37. Re2 Qc5 38. Re8+ Rxe8 39. Qxe8+ Qf8 40. Qd7 Qa3 41. Be6 d3 42. f5 Qb2+ 43. Kh3 Qf6 44. Qxd3 Qg5 45. Qf3 Qe7 46. Bb3 Be5 47. Qa8+ Kg7 48. Qc6 Bd6 49. Be6 Kf6 50. Qc4 Qf8 51. Qa4 Bb8 52. Qh4+ Kg7 53. Qd4+ 1-0

[Event "Mauricie ch"]
[Site "Trois-Rivieres CAN"]
[Date "1998.03.21"]
[Round "2"]
[White "Goldenberg, Danny"]
[Black "Hebert, Jean"]
[Result "0-1"]
[WhiteElo "2306"]
[BlackElo "2465"]
[PlyCount "114"]
[GameId "2160767911873735"]
[EventDate "1998.03.20"]
[EventType "swiss"]
[EventRounds "5"]
[EventCountry "CAN"]

1. e4 c5 2. Nf3 e6 3. Nc3 Nc6 4. d4 cxd4 5. Nxd4 a6 6. Be3 Qc7 7. Bd3 Nf6 8. O-O Ne5 9. h3 Bc5 10. Qe2 d6 11. f4 Ng6 12. Nb3 Bxe3+ 13. Qxe3 b5 14. Rae1 O-O 15. Ne2 Bb7 16. Ng3 Rfe8 17. Qf2 Rac8 18. e5 dxe5 19. Bxg6 exf4 20. Bxf7+ Qxf7 21. Qxf4 Rxc2 22. Rf2 Rxf2 23. Qxf2 Bd5 24. Nc5 a5 25. b3 Qg6 26. Kh2 b4 27. Re2 h5 28. Qe1 h4 29. Nge4 Nxe4 30. Nxe4 Qh5 31. Nd6 Rf8 32. Nc4 a4 33. Ne3 Qe5+ 34. Kh1 axb3 35. axb3 Qc3 36. Qxc3 bxc3 37. Rc2 Rc8 38. Nd1 Bxb3 39. Rxc3 Rxc3 40. Nxc3 Kf7 41. Kg1 Kf6 42. Ne4+ Kf5 43. Nd2 Bd5 44. Kf2 Kf4 45. Nf1 Ke4 46. Ne3 Bb3 47. Nf1 Bd1 48. Ke1 Bh5 49. g4 Bxg4 50. hxg4 Kf3 51. Nd2+ Kg2 52. Ke2 h3 53. Ne4 h2 54. Nf2 h1=Q 55. Nxh1 Kxh1 56. Kf3 g5 57. Kg3 Kg1 0-1